[Event "European Blitz Championship 2021"]
[Site "Katowice"]
[Date "2021.12.17"]
[Round "2.10"]
[White "Pakleza, Zbigniew"]
[Black "Musial, Igor"]
[Result "1-0"]
[WhiteElo "2496"]
[BlackElo "1796"]
[Annotator "ChessBase"]
[PlyCount "69"]
[EventDate "2021.12.17"]
[EventType "swiss"]
[EventCountry "POL"]
[SourceTitle "playchess.com"]
[Source "ChessBase"]
[SourceQuality "1"]

1. d4 Nf6 2. Nf3 g6 3. Bf4 d5 4. e3 Bg7 5. Nbd2 O-O 6. c3 b6 7. h3 Bb7 8. Be2
Nbd7 9. O-O c5 10. a4 Ne4 11. Bh2 Re8 12. a5 e5 13. Bb5 exd4 14. a6 Bc8 15.
exd4 cxd4 16. Nxd4 Be5 17. Bxe5 Nxe5 18. Bxe8 Qxe8 19. N2f3 Nxf3+ 20. Nxf3 Be6
21. Re1 Qc8 22. Nd4 Qc5 23. Qf3 Re8 24. Qe3 Bd7 25. Qh6 Qf8 26. Qxf8+ Kxf8 27.
f3 Nc5 28. Rxe8+ Kxe8 29. b3 Kd8 30. Kf2 Kc7 31. Ke3 Kb8 32. Kf4 Bc6 33. Nxc6+
Ka8 34. b4 Nxa6 35. b5 1-0

[Event "European Blitz Championship 2021"]
[Site "Katowice"]
[Date "2021.12.17"]
[Round "2.10"]
[White "Szwed, Jacek"]
[Black "Widelski, Kacper"]
[Result "1/2-1/2"]
[WhiteElo "2346"]
[BlackElo "1600"]
[Annotator "ChessBase"]
[PlyCount "121"]
[EventDate "2021.12.17"]
[EventType "swiss"]
[EventCountry "POL"]
[SourceTitle "playchess.com"]
[Source "ChessBase"]
[SourceQuality "1"]

1. e4 c5 2. Nf3 g6 3. d4 cxd4 4. Nxd4 Bg7 5. c4 Nc6 6. Be3 Nf6 7. Nc3 Ng4 8.
Qxg4 Nxd4 9. Qd1 Ne6 10. Qd2 Qa5 11. Rc1 b6 12. Qd5 Qxd5 13. cxd5 Nd4 14. b3
O-O 15. Nb5 Nxb5 16. Bxb5 f5 17. exf5 Rxf5 18. O-O e6 19. Rxc8+ Rxc8 20. Bxd7
Rd8 21. Bxe6+ Kf8 22. Bxf5 gxf5 23. Rd1 Be5 24. f4 Bd6 25. g3 Rc8 26. Rc1 Re8
27. Kf2 Ke7 28. Kf3 Kd7 29. h3 Re4 30. Rc4 Re8 31. g4 fxg4+ 32. hxg4 Rf8 33. a4
Re8 34. g5 Rf8 35. Re4 Rf5 36. Rd4 Bc5 37. Rd3 Bd6 38. Kg4 Rf8 39. f5 Re8 40.
g6 Re4+ 41. Kh5 hxg6+ 42. Kxg6 Rg4+ 43. Kf7 Be5 44. f6 Rg3 45. b4 Rf3 46. Kg6
Rxf6+ 47. Kg5 Rf3 48. a5 bxa5 49. bxa5 a6 50. Rb3 Rg3+ 51. Kf5 Bc7 52. Ra3 Rf3+
53. Ke4 Rh3 54. Kd4 Rh4+ 55. Kd3 Rh3 56. Ra4 Kd6 57. Rc4 Bxa5 58. Rc6+ Kxd5 59.
Rxa6 Bc7 60. Rg6 Bf4 61. Kd2 1/2-1/2

[Event "European Blitz Championship 2021"]
[Site "Katowice"]
[Date "2021.12.17"]
[Round "2.11"]
[White "Mirowska, Oliwia"]
[Black "Schneider, Ilja"]
[Result "0-1"]
[WhiteElo "1832"]
[BlackElo "2486"]
[Annotator "ChessBase"]
[PlyCount "64"]
[EventDate "2021.12.17"]
[EventType "swiss"]
[EventCountry "POL"]
[SourceTitle "playchess.com"]
[Source "ChessBase"]
[SourceQuality "1"]

1. f4 d5 2. Nf3 Bg4 3. e3 Nd7 4. Be2 c6 5. O-O g6 6. h3 Bxf3 7. Bxf3 e5 8. fxe5
Nxe5 9. e4 d4 10. d3 Bg7 11. Nd2 Ne7 12. Nb3 O-O 13. Bf4 b6 14. Qe2 c5 15. Rad1
N7c6 16. c3 Qh4 17. Bh2 dxc3 18. bxc3 Nxf3+ 19. Qxf3 Bxc3 20. Bd6 Ne5 21. Qe2
Rfd8 22. Qc2 Rxd6 23. Qxc3 Qg3 24. Nc1 Rad8 25. Ne2 Qe3+ 26. Kh1 Nxd3 27. Rxd3
Qxd3 28. Qb2 Qd2 29. Qb3 Qxe2 30. Qxf7+ Kh8 31. Qf4 Qxf1+ 32. Qxf1 Rd1 0-1

[Event "European Blitz Championship 2021"]
[Site "Katowice"]
[Date "2021.12.17"]
[Round "2.11"]
[White "Zabrzanska, Weronika"]
[Black "Druckenthaner, Andreas"]
[Result "1/2-1/2"]
[WhiteElo "1596"]
[BlackElo "2346"]
[Annotator "ChessBase"]
[PlyCount "92"]
[EventDate "2021.12.17"]
[EventType "swiss"]
[EventCountry "POL"]
[SourceTitle "playchess.com"]
[Source "ChessBase"]
[SourceQuality "1"]

1. e4 e5 2. Nf3 Nc6 3. Bc4 Bc5 4. O-O d6 5. c3 Nf6 6. Re1 O-O 7. h3 Bb6 8. d4
h6 9. Bb3 Qe7 10. Qd3 Nh5 11. Be3 Qf6 12. Nbd2 Nf4 13. Bxf4 Qxf4 14. Nf1 Kh8
15. Ng3 g6 16. Qe3 Qxe3 17. fxe3 Kg7 18. Rad1 f5 19. exf5 gxf5 20. e4 fxe4 21.
Rxe4 Bxh3 22. Nxe5 dxe5 23. gxh3 exd4 24. cxd4 Rae8 25. Rg4+ Kh8 26. Kg2 Rf6
27. Nh5 Rd6 28. d5 Ne5 29. Re4 Rg8+ 30. Kh1 Rg5 31. Nf4 Rf6 32. Nd3 Nxd3 33.
Re8+ Kg7 34. Rxd3 Rf1+ 35. Kh2 Rf2+ 36. Kh1 Rxb2 37. Re7+ Kf8 38. Re1 Rgg2 39.
Rf3+ Kg7 40. Re7+ Kg6 41. Re6+ Kg5 42. Re5+ Kg6 43. Re6+ Kg5 44. Re5+ Kg6 45.
Re6+ Kg5 46. Re5+ Kh4 1/2-1/2

[Event "European Blitz Championship 2021"]
[Site "Katowice"]
[Date "2021.12.17"]
[Round "2.12"]
[White "Tazbir, Marcin"]
[Black "Blaszczak, Karol"]
[Result "1-0"]
[WhiteElo "2508"]
[BlackElo "1742"]
[Annotator "ChessBase"]
[PlyCount "47"]
[EventDate "2021.12.17"]
[EventType "swiss"]
[EventCountry "POL"]
[SourceTitle "playchess.com"]
[Source "ChessBase"]
[SourceQuality "1"]

1. e4 c5 2. Ne2 d6 3. g3 g6 4. Bg2 Bg7 5. c3 e6 6. O-O Ne7 7. d4 O-O 8. a4 a5
9. Na3 Na6 10. Be3 cxd4 11. Nxd4 Nc5 12. Ndb5 Ra6 13. Nc4 Bd7 14. Nbxd6 Nxa4
15. Nxb7 Qc7 16. Nbxa5 Rxa5 17. Nxa5 Nxb2 18. Qe2 Ra8 19. Qxb2 Rxa5 20. Rxa5
Qxa5 21. Qb8+ Bf8 22. Rd1 Bc8 23. Bd4 Qa6 24. Qe5 1-0

[Event "European Blitz Championship 2021"]
[Site "Katowice"]
[Date "2021.12.17"]
[Round "2.12"]
[White "Kosakowski, Jakub"]
[Black "Orlik, Sandra"]
[Result "1-0"]
[WhiteElo "2340"]
[BlackElo "1596"]
[Annotator "ChessBase"]
[PlyCount "27"]
[EventDate "2021.12.17"]
[EventType "swiss"]
[EventCountry "POL"]
[SourceTitle "playchess.com"]
[Source "ChessBase"]
[SourceQuality "1"]

1. e4 c6 2. d4 d5 3. Nc3 dxe4 4. Nxe4 Bf5 5. Ng3 Bg6 6. Nh3 e6 7. Nf4 Nd7 8. h4
h6 9. Nxg6 fxg6 10. Bd3 Qf6 11. Qg4 Ne7 12. c3 h5 13. Qe2 O-O-O 14. Ne4 1-0

[Event "European Blitz Championship 2021"]
[Site "Katowice"]
[Date "2021.12.17"]
[Round "2.13"]
[White "Hasinski, Krystian"]
[Black "Janik, Igor"]
[Result "0-1"]
[WhiteElo "1714"]
[BlackElo "2508"]
[Annotator "ChessBase"]
[PlyCount "64"]
[EventDate "2021.12.17"]
[EventType "swiss"]
[EventCountry "POL"]
[SourceTitle "playchess.com"]
[Source "ChessBase"]
[SourceQuality "1"]

1. d4 d6 2. c4 e5 3. dxe5 dxe5 4. Qxd8+ Kxd8 5. Nc3 Be6 6. e4 Nd7 7. Be3 c6 8.
O-O-O Kc7 9. f4 f6 10. Nf3 Bb4 11. Kc2 b6 12. a3 Bd6 13. f5 Bf7 14. Be2 g6 15.
g4 Ne7 16. Rd2 Bc5 17. Bxc5 Nxc5 18. Rhd1 Rad8 19. b4 Nb7 20. Rxd8 Nxd8 21. g5
gxf5 22. gxf6 Ng8 23. exf5 Nxf6 24. Nxe5 Rg8 25. Bf3 Rg5 26. Bxc6 Rxf5 27. Nxf7
Nxf7 28. b5 Nd6 29. Nd5+ Nxd5 30. Rxd5 Rf2+ 31. Kb3 Rxh2 32. Rg5 Rh3+ 0-1

[Event "European Blitz Championship 2021"]
[Site "Katowice"]
[Date "2021.12.17"]
[Round "2.13"]
[White "Kazmerika, Anna"]
[Black "Piesik, Piotr"]
[Result "0-1"]
[WhiteElo "1595"]
[BlackElo "2336"]
[Annotator "ChessBase"]
[PlyCount "70"]
[EventDate "2021.12.17"]
[EventType "swiss"]
[EventCountry "POL"]
[SourceTitle "playchess.com"]
[Source "ChessBase"]
[SourceQuality "1"]

1. d4 c5 2. c4 cxd4 3. Qxd4 Nc6 4. Qd1 Nf6 5. Nf3 e6 6. Nc3 Bb4 7. Qc2 d5 8.
cxd5 exd5 9. Bd2 O-O 10. g3 Re8 11. e3 d4 12. Ne2 dxe3 13. fxe3 Rxe3 14. O-O-O
Qe7 15. Bxe3 Qxe3+ 16. Nd2 Bg4 17. a3 Ba5 18. h3 Bxe2 19. Bxe2 Nd4 20. Qc4
Nxe2+ 21. Kb1 Bxd2 22. Rh2 Re8 23. g4 h6 24. Qb5 b6 25. h4 Qe4+ 26. Ka1 Bf4 27.
Rhh1 Nxg4 28. Rhe1 Bg3 29. Rf1 Nf6 30. Rd2 Nd4 31. Qc4 Ne6 32. Qc1 Bf4 33. Rxf4
Qxf4 34. Qc2 Nc5 35. Qc4 Qxc4 0-1

[Event "European Blitz Championship 2021"]
[Site "Katowice"]
[Date "2021.12.17"]
[Round "2.14"]
[White "Gretarsson, Helgi Ass"]
[Black "Krawczyk, Flawian"]
[Result "1-0"]
[WhiteElo "2476"]
[BlackElo "2154"]
[Annotator "ChessBase"]
[PlyCount "69"]
[EventDate "2021.12.17"]
[EventType "swiss"]
[EventCountry "POL"]
[SourceTitle "playchess.com"]
[Source "ChessBase"]
[SourceQuality "1"]

1. d4 Nf6 2. c4 g6 3. Nc3 Bg7 4. e4 d6 5. f4 O-O 6. Nf3 c5 7. dxc5 Qa5 8. Bd3
Qxc5 9. Qe2 Nc6 10. Be3 Qa5 11. O-O Bg4 12. Rac1 Rfc8 13. h3 Bxf3 14. Qxf3 Nd7
15. Qf2 Nc5 16. Bb1 e5 17. f5 f6 18. Nd5 Nd7 19. b4 Qd8 20. Rfd1 a5 21. b5 Nd4
22. Bxd4 exd4 23. Qxd4 Ne5 24. Nb6 Bh6 25. Rc3 Nf7 26. Nxa8 Rxa8 27. Rg3 Bf4
28. fxg6 Bxg3 29. gxf7+ Kg7 30. e5 Bxe5 31. Qg4+ Kxf7 32. Bxh7 Qb6+ 33. Kh1 Rd8
34. Qg6+ Ke6 35. Bg8+ 1-0

[Event "European Blitz Championship 2021"]
[Site "Katowice"]
[Date "2021.12.17"]
[Round "2.14"]
[White "Brodowski, Piotr"]
[Black "Maciejewski, Kamil"]
[Result "1-0"]
[WhiteElo "2335"]
[BlackElo "1589"]
[Annotator "ChessBase"]
[PlyCount "59"]
[EventDate "2021.12.17"]
[EventType "swiss"]
[EventCountry "POL"]
[SourceTitle "playchess.com"]
[Source "ChessBase"]
[SourceQuality "1"]

1. c4 e5 2. Nc3 Nc6 3. Nf3 g6 4. g3 Bg7 5. Bg2 d6 6. O-O Be6 7. d3 h6 8. Rb1
Qd7 9. Re1 Nge7 10. b4 O-O 11. b5 Nd8 12. e4 a6 13. b6 c6 14. Ba3 f6 15. Qa4
Nf7 16. d4 Rac8 17. Rbd1 Bh3 18. Bh1 Rfd8 19. dxe5 fxe5 20. c5 d5 21. exd5 cxd5
22. Qb3 Be6 23. Qb1 d4 24. Ne4 Qb5 25. Qxb5 axb5 26. Nd6 Ra8 27. Bb4 Nxd6 28.
cxd6 Nc6 29. Bc5 Rxa2 30. Nxd4 1-0

[Event "European Blitz Championship 2021"]
[Site "Katowice"]
[Date "2021.12.17"]
[Round "2.15"]
[White "Katolik, Kamil"]
[Black "Bernadskiy, Vitaliy"]
[Result "0-1"]
[WhiteElo "1751"]
[BlackElo "2592"]
[Annotator "TA"]
[PlyCount "50"]
[EventDate "2021.12.17"]
[EventType "swiss"]
[EventCountry "POL"]
[SourceTitle "playchess.com"]
[Source "ChessBase"]
[SourceQuality "1"]

1. d4 Nf6 2. Nf3 g6 3. e3 Bg7 4. Bd3 O-O 5. c3 d6 6. h4 Bg4 7. Nbd2 Nc6 8. Qc2
e5 9. a3 Re8 10. dxe5 Nxe5 11. Be2 Bf5 12. e4 Nxf3+ 13. gxf3 Bd7 14. Nf1 d5 15.
Bg5 dxe4 16. fxe4 h6 17. Bxf6 Qxf6 18. O-O-O Rad8 19. h5 g5 20. f3 a5 21. Ne3
Qf4 22. Qd2 Bb5 23. Nd5 Qxd2+ 24. Rxd2 Bxe2 25. Rxe2 Rxd5 0-1

[Event "European Blitz Championship 2021"]
[Site "Katowice"]
[Date "2021.12.17"]
[Round "2.15"]
[White "Gorski, Wawrzyniec"]
[Black "Ortega Ruiz, Jose Miguel"]
[Result "0-1"]
[WhiteElo "1588"]
[BlackElo "2317"]
[Annotator "ChessBase"]
[PlyCount "70"]
[EventDate "2021.12.17"]
[EventType "swiss"]
[EventCountry "POL"]
[SourceTitle "playchess.com"]
[Source "ChessBase"]
[SourceQuality "1"]

1. e4 d5 2. exd5 Qxd5 3. Nc3 Qa5 4. d4 c6 5. Bd3 Nf6 6. Bd2 Qb6 7. Nf3 Bg4 8.
h3 Bh5 9. Be2 Bxf3 10. Bxf3 Qxd4 11. O-O Nbd7 12. Be3 Qxd1 13. Raxd1 e6 14. a3
Bc5 15. Bg5 O-O-O 16. b4 Be7 17. b5 cxb5 18. Nxb5 a6 19. Nd6+ Bxd6 20. Rxd6 Ne5
21. Rxd8+ Rxd8 22. Be2 Rd5 23. f4 Ned7 24. Rb1 h6 25. Bh4 Rc5 26. Bf3 b5 27.
Rb2 Nd5 28. Bf2 Rc7 29. Bxd5 exd5 30. f5 Rc4 31. g4 Kc7 32. Bg3+ Kc6 33. Kf2
Nc5 34. Kg2 Na4 35. Rb3 Rxc2+ 0-1

[Event "European Blitz Championship 2021"]
[Site "Katowice"]
[Date "2021.12.17"]
[Round "2.16"]
[White "Donchenko, Alexander"]
[Black "Malinowski, Szymon"]
[Result "1-0"]
[WhiteElo "2645"]
[BlackElo "1601"]
[Annotator "TA"]
[PlyCount "95"]
[EventDate "2021.12.17"]
[EventType "swiss"]
[EventCountry "POL"]
[SourceTitle "playchess.com"]
[Source "ChessBase"]
[SourceQuality "1"]

1. Nf3 d5 2. g3 Nf6 3. Bg2 Bf5 4. O-O e6 5. d3 Be7 6. Nh4 Bg4 7. h3 Bh5 8. Qe1
O-O 9. e4 dxe4 10. dxe4 c6 11. f4 Nbd7 12. Nc3 e5 13. f5 Ne8 14. Nf3 f6 15. g4
Bf7 16. Qg3 h6 17. h4 b5 18. g5 hxg5 19. hxg5 fxg5 20. Bxg5 Nef6 21. Rad1 Qc7
22. Qh4 Nc5 23. Rde1 b4 24. Nd1 Bxa2 25. b3 a5 26. Kf2 Qb6 27. Kg3 Qc7 28. Rh1
Kf7 29. Bxf6 Bxf6 30. Ng5+ Ke7 31. Ne3 a4 32. Qg4 axb3 33. cxb3 Bxb3 34. Nh7
Rf7 35. Rc1 Nd3 36. Rb1 Ra3 37. Nxf6 gxf6 38. Rh8 Ba4 39. Qg8 Nc5 40. Qe8+ Kd6
41. Rd1+ Nd3 42. Nc4+ Kc5 43. Nxa3 bxa3 44. Rxd3 a2 45. Ra3 Bb3 46. Qa8 Qb7 47.
Qa5+ Kd4 48. Rd8+ 1-0

[Event "European Blitz Championship 2021"]
[Site "Katowice"]
[Date "2021.12.17"]
[Round "2.17"]
[White "Czuprynski, Janusz"]
[Black "Jagodzinski, Piotr"]
[Result "0-1"]
[WhiteElo "1587"]
[BlackElo "2298"]
[Annotator "ChessBase"]
[PlyCount "46"]
[EventDate "2021.12.17"]
[EventType "swiss"]
[EventCountry "POL"]
[SourceTitle "playchess.com"]
[Source "ChessBase"]
[SourceQuality "1"]

1. d4 d5 2. Bf4 Nf6 3. e3 c5 4. c3 cxd4 5. exd4 Nc6 6. Bd3 Bg4 7. f3 Bh5 8. Ne2
e6 9. O-O Bg6 10. Bg5 Bd6 11. Bxg6 hxg6 12. Nd2 Bxh2+ 13. Kf2 Ng4+ 14. fxg4
Qxg5 15. Ng1 Bd6 16. Nh3 Qh4+ 17. Kg1 Qg3 18. Qf3 Rxh3 19. Qxf7+ Kd8 20. Qg8+
Kc7 21. Qxg7+ Kb6 22. Rf3 Rh1+ 23. Kxh1 Qh2# 0-1

[Event "European Blitz Championship 2021"]
[Site "Katowice"]
[Date "2021.12.17"]
[Round "2.19"]
[White "Barwinska, Ewa"]
[Black "Szpar, Milosz"]
[Result "0-1"]
[WhiteElo "1581"]
[BlackElo "2285"]
[Annotator "ChessBase"]
[PlyCount "48"]
[EventDate "2021.12.17"]
[EventType "swiss"]
[EventCountry "POL"]
[SourceTitle "playchess.com"]
[Source "ChessBase"]
[SourceQuality "1"]

1. e4 c5 2. Nf3 d6 3. c4 Nf6 4. Nc3 Nc6 5. d4 Bg4 6. d5 Bxf3 7. Qxf3 Nd4 8. Qd1
g6 9. Be3 Bg7 10. Bxd4 cxd4 11. Qxd4 O-O 12. Qd2 Nd7 13. Be2 Qa5 14. O-O Rac8
15. a3 Ne5 16. b4 Qd8 17. c5 dxc5 18. f4 cxb4 19. axb4 Nc4 20. Bxc4 Rxc4 21. e5
Qb6+ 22. Kh1 Qxb4 23. Rfc1 Rfc8 24. Rab1 Rxc3 0-1

[Event "European Blitz Championship 2021"]
[Site "Katowice"]
[Date "2021.12.17"]
[Round "2.20"]
[White "Plat, Vojtech"]
[Black "Madej, Marek"]
[Result "1-0"]
[WhiteElo "2548"]
[BlackElo "2017"]
[Annotator "RC"]
[PlyCount "57"]
[EventDate "2021.12.17"]
[EventType "swiss"]
[EventCountry "POL"]
[SourceTitle "playchess.com"]
[Source "ChessBase"]
[SourceQuality "1"]

1. e4 c6 2. Nf3 d5 3. d3 g6 4. e5 Bg7 5. d4 c5 6. dxc5 Nc6 7. c4 Be6 8. Ng5
Nxe5 9. Nxe6 fxe6 10. cxd5 Qxd5 11. Qxd5 exd5 12. Nc3 Nf6 13. Bg5 Ne4 14. Nxe4
dxe4 15. Bb5+ Kf7 16. Ke2 Rac8 17. Rac1 Nd3 18. Be3 Nxc1+ 19. Rxc1 Bxb2 20. Rb1
Ba3 21. Bc4+ Ke8 22. Rxb7 Bxc5 23. Be6 Bxe3 24. Bxc8 Bb6 25. Be6 Rf8 26. Rb8+
Bd8 27. Ra8 Rf6 28. Bc4 h5 29. Bb5+ 1-0

[Event "European Blitz Championship 2021"]
[Site "Katowice"]
[Date "2021.12.17"]
[Round "2.20"]
[White "Grabarczyk, Miroslaw"]
[Black "Sowa, Robert"]
[Result "1-0"]
[WhiteElo "2279"]
[BlackElo "1577"]
[Annotator "ChessBase"]
[PlyCount "107"]
[EventDate "2021.12.17"]
[EventType "swiss"]
[EventCountry "POL"]
[SourceTitle "playchess.com"]
[Source "ChessBase"]
[SourceQuality "1"]

1. d4 d5 2. c4 c6 3. Nf3 Nf6 4. Qc2 g6 5. cxd5 cxd5 6. Nc3 Nc6 7. Bf4 a6 8. e3
Bf5 9. Qd1 Bg7 10. Be2 O-O 11. O-O Rc8 12. Rc1 Ne4 13. h3 Re8 14. a3 Na5 15.
Nxe4 Bxe4 16. Nd2 Bf5 17. b4 Nc6 18. Nb3 e5 19. dxe5 Nxe5 20. Rxc8 Bxc8 21. Qc1
b5 22. Bxe5 Bxe5 23. Rd1 Bb7 24. Bf3 Qe7 25. Nc5 Bc8 26. Rxd5 Qf6 27. Nd7 Bxd7
28. Rxd7 Bb2 29. Qc6 Qxc6 30. Bxc6 Bxa3 31. Bd5 Rf8 32. Ra7 Bxb4 33. Rxa6 Be7
34. Ra7 Bf6 35. Rb7 b4 36. Rxb4 Bg7 37. Rb7 h5 38. g3 Bh8 39. Kg2 Bf6 40. f4
Bg7 41. Kf3 Bf6 42. g4 hxg4+ 43. hxg4 Bg7 44. g5 Bh8 45. e4 Bg7 46. f5 Be5 47.
fxg6 Kg7 48. gxf7 Bd4 49. Kg4 Be5 50. Re7 Bd6 51. Re8 Bc5 52. Kf5 Bb4 53. e5
Bc3 54. e6 1-0

[Event "European Blitz Championship 2021"]
[Site "Katowice"]
[Date "2021.12.17"]
[Round "2.21"]
[White "Tribushnaya, Olga"]
[Black "Klekowski, Maciej"]
[Result "1/2-1/2"]
[WhiteElo "1685"]
[BlackElo "2499"]
[Annotator "ChessBase"]
[PlyCount "83"]
[EventDate "2021.12.17"]
[EventType "swiss"]
[EventCountry "POL"]
[SourceTitle "playchess.com"]
[Source "ChessBase"]
[SourceQuality "1"]

1. e4 c5 2. c3 Nf6 3. e5 Nd5 4. d4 cxd4 5. Nf3 Nc6 6. cxd4 d6 7. Bc4 e6 8. Qe2
Be7 9. O-O O-O 10. Nc3 Nxc3 11. bxc3 dxe5 12. dxe5 Qc7 13. Bd3 b6 14. Re1 Bb7
15. Ng5 h6 16. Qe4 g6 17. Nxe6 Qxe5 18. Nxf8 Qxe4 19. Bxe4 Bxf8 20. Bf4 Rc8 21.
Rad1 Na5 22. Bxb7 Nxb7 23. Rd7 Nc5 24. Rxa7 Ne6 25. Be5 Bc5 26. Rd1 Re8 27. Bd4
Nxd4 28. cxd4 Bxd4 29. Kf1 Bc3 30. g3 Re6 31. Rdd7 Rf6 32. Ke2 g5 33. Rab7 Bb4
34. f3 Bc5 35. a4 Bg1 36. h3 Kg7 37. Rb8 Re6+ 38. Kf1 Bc5 39. Rbb7 Rf6 40. Ke2
Re6+ 41. Kf1 Rf6 42. Kg2 1/2-1/2

[Event "European Blitz Championship 2021"]
[Site "Katowice"]
[Date "2021.12.17"]
[Round "2.22"]
[White "Kowalski, Igor"]
[Black "Zabron, Maksym"]
[Result "1-0"]
[WhiteElo "2276"]
[BlackElo "1572"]
[Annotator "ChessBase"]
[PlyCount "55"]
[EventDate "2021.12.17"]
[EventType "swiss"]
[EventCountry "POL"]
[SourceTitle "playchess.com"]
[Source "ChessBase"]
[SourceQuality "1"]

1. d4 Nf6 2. Nf3 d5 3. c4 e6 4. e3 c6 5. Nc3 Bd6 6. Be2 O-O 7. Qc2 Nbd7 8. b3
b6 9. Bb2 Bb7 10. O-O c5 11. cxd5 exd5 12. dxc5 Nxc5 13. Rfd1 Rc8 14. Qf5 g6
15. Qh3 Re8 16. Nb5 a6 17. Nxd6 Qxd6 18. Ng5 Nce4 19. Nxe4 Nxe4 20. Bd3 Qe6 21.
Qh6 f6 22. Bd4 Nc5 23. Bxg6 hxg6 24. Qxg6+ Kf8 25. Bxf6 Rc7 26. Qh6+ Kg8 27.
Qh8+ Kf7 28. Qg7# 1-0

[Event "European Blitz Championship 2021"]
[Site "Katowice"]
[Date "2021.12.17"]
[Round "2.23"]
[White "Wojtyla, Tymoteusz"]
[Black "Teclaf, Pawel"]
[Result "0-1"]
[WhiteElo "1649"]
[BlackElo "2543"]
[Annotator "RC"]
[PlyCount "42"]
[EventDate "2021.12.17"]
[EventType "swiss"]
[EventCountry "POL"]
[SourceTitle "playchess.com"]
[Source "ChessBase"]
[SourceQuality "1"]

1. e4 c5 2. c3 Qa5 3. Nf3 Nc6 4. Na3 Nf6 5. Nc4 Qc7 6. e5 Nd5 7. d4 e6 8. Ne3
Nxe3 9. Bxe3 cxd4 10. cxd4 Bb4+ 11. Bd2 Qb6 12. Bxb4 Qxb4+ 13. Qd2 b6 14. a3
Qxd2+ 15. Kxd2 Bb7 16. Ke3 Ne7 17. Bc4 O-O 18. Rhd1 d6 19. Rac1 Rfd8 20. Bxe6
fxe6 21. Rc7 Nd5+ 0-1

[Event "European Blitz Championship 2021"]
[Site "Katowice"]
[Date "2021.12.17"]
[Round "2.23"]
[White "Rejniak, Zuzanna"]
[Black "Kozak, Antoni"]
[Result "0-1"]
[WhiteElo "1571"]
[BlackElo "2272"]
[Annotator "ChessBase"]
[PlyCount "48"]
[EventDate "2021.12.17"]
[EventType "swiss"]
[EventCountry "POL"]
[SourceTitle "playchess.com"]
[Source "ChessBase"]
[SourceQuality "1"]

1. e4 c6 2. d4 d5 3. Nc3 a6 4. Nf3 Bg4 5. Be2 e6 6. Bg5 Be7 7. Bxe7 Nxe7 8. Qd2
Nd7 9. O-O-O b5 10. h3 Bh5 11. g4 Bg6 12. exd5 cxd5 13. h4 b4 14. Na4 Rc8 15.
Bd3 Qa5 16. b3 Bxd3 17. Qxd3 Nc6 18. Kb1 Na7 19. Rde1 Nb5 20. Ng5 Na3+ 21. Kb2
Rxc2+ 22. Ka1 Qb5 23. Nxe6 Qxd3 24. Nf4+ Qe4 0-1

[Event "European Blitz Championship 2021"]
[Site "Katowice"]
[Date "2021.12.17"]
[Round "2.24"]
[White "Blohberger, Felix"]
[Black "Wilk, Igor"]
[Result "1-0"]
[WhiteElo "2490"]
[BlackElo "1712"]
[Annotator "ChessBase"]
[PlyCount "75"]
[EventDate "2021.12.17"]
[EventType "swiss"]
[EventCountry "POL"]
[SourceTitle "playchess.com"]
[Source "ChessBase"]
[SourceQuality "1"]

1. d4 Nf6 2. Nf3 d5 3. Bf4 c5 4. e3 Nc6 5. Nbd2 Bf5 6. dxc5 e6 7. b4 Nxb4 8.
Nd4 a6 9. Nxf5 exf5 10. c3 Nc6 11. Nb3 Ne4 12. Rc1 Nxc5 13. Be2 Be7 14. O-O O-O
15. Nxc5 Bxc5 16. Qb3 Na5 17. Qb1 b5 18. Rfd1 Rc8 19. Qxf5 Qe7 20. Rxd5 Rfd8
21. Rcd1 Rxd5 22. Qxd5 h6 23. h3 Bb6 24. Qf5 Rd8 25. Rxd8+ Qxd8 26. Bd3 g6 27.
Qe4 Kg7 28. Be5+ Kg8 29. Bd4 Bxd4 30. Qxd4 Qc7 31. h4 Nc6 32. Qc5 Qd7 33. Be4
Nd8 34. Qd5 Qc7 35. Bxg6 Ne6 36. Bf5 Ng7 37. Be4 Qxc3 38. Qd8+ 1-0

[Event "European Blitz Championship 2021"]
[Site "Katowice"]
[Date "2021.12.17"]
[Round "2.24"]
[White "Kulon, Klaudia"]
[Black "Krzyzosiak, Anna"]
[Result "1-0"]
[WhiteElo "2265"]
[BlackElo "1571"]
[Annotator "ChessBase"]
[PlyCount "57"]
[EventDate "2021.12.17"]
[EventType "swiss"]
[EventCountry "POL"]
[SourceTitle "playchess.com"]
[Source "ChessBase"]
[SourceQuality "1"]

1. c4 e5 2. g3 Nf6 3. Bg2 d6 4. Nc3 g6 5. e3 Bg7 6. Nge2 O-O 7. b4 c6 8. d4
Nbd7 9. O-O Ne8 10. b5 cxb5 11. Nxb5 a6 12. Nbc3 f5 13. Ba3 Rb8 14. c5 b5 15.
Rb1 Qa5 16. Bb4 Qc7 17. Nd5 Qd8 18. cxd6 a5 19. Ne7+ Kh8 20. Nc6 Qb6 21. Bc5
Qb7 22. dxe5 Nxc5 23. Nxb8 Qxb8 24. Qd5 Qb6 25. Rfc1 Bb7 26. Qxc5 Qxc5 27. Rxc5
Bxg2 28. Kxg2 b4 29. d7 1-0

[Event "European Blitz Championship 2021"]
[Site "Katowice"]
[Date "2021.12.17"]
[Round "2.25"]
[White "Zarovs, Aleksandrs"]
[Black "Sadzikowski, Daniel"]
[Result "0-1"]
[WhiteElo "1868"]
[BlackElo "2525"]
[Annotator "ChessBase"]
[PlyCount "57"]
[EventDate "2021.12.17"]
[EventType "swiss"]
[EventCountry "POL"]
[SourceTitle "playchess.com"]
[Source "ChessBase"]
[SourceQuality "1"]

1. e4 c5 2. Nf3 d6 3. Bb5+ Nd7 4. d4 cxd4 5. Qxd4 a6 6. Bxd7+ Bxd7 7. c4 Nf6 8.
Nc3 g6 9. Bg5 Bg7 10. Qd3 O-O 11. O-O b5 12. cxb5 axb5 13. e5 b4 14. exf6 exf6
15. Bd2 bxc3 16. Bxc3 Bf5 17. Qd4 Be6 18. a3 Qc7 19. Rac1 Rfd8 20. Rfd1 Bb3 21.
Rd3 Qc4 22. Qxc4 Bxc4 23. Rdd1 d5 24. Nd4 Rdb8 25. Nc6 Rb7 26. Nb4 Rb5 27. h3
h5 28. Bd4 Bh6 29. Rc3 0-1

[Event "European Blitz Championship 2021"]
[Site "Katowice"]
[Date "2021.12.17"]
[Round "2.27"]
[White "Wnek, Filip"]
[Black "Vetoshko, Volodymyr"]
[Result "0-1"]
[WhiteElo "1873"]
[BlackElo "2525"]
[Annotator "ChessBase"]
[PlyCount "64"]
[EventDate "2021.12.17"]
[EventType "swiss"]
[EventCountry "POL"]
[SourceTitle "playchess.com"]
[Source "ChessBase"]
[SourceQuality "1"]

1. e4 c5 2. Nf3 e6 3. d4 cxd4 4. Nxd4 Nc6 5. c4 Nf6 6. Nc3 Bb4 7. Nxc6 dxc6 8.
Qxd8+ Kxd8 9. Bg5 h6 10. O-O-O+ Ke7 11. Bh4 Bxc3 12. bxc3 g5 13. Bg3 Nxe4 14.
Kc2 c5 15. f3 Nxg3 16. hxg3 Bd7 17. Be2 Ba4+ 18. Kb2 Bxd1 19. Rxd1 Rad8 20.
Rxd8 Rxd8 21. Kc2 f5 22. g4 fxg4 23. fxg4 Kf6 24. Bf3 b6 25. g3 Ke5 26. Bb7 Rf8
27. Kb3 Rf2 28. a3 Re2 29. Ka4 Re3 30. Kb5 Rxc3 31. a4 Kd6 32. Bc8 Rxg3 0-1